000 00730nam a2200229 i 4500
001 bg
245 0 0 _aZarządzanie przedsiębiorstwem :
_bwybrane problemy /
_cpod red. Ludwika Habudy.
260 _aOpole :
_bOficyna Wydawnicza PO,
_c2002.
300 _a126 s. :
_brys. ;
_c24 cm.
490 1 _aSkrypt / Politechnika Opolska,
_x1427-9932 ;
_vnr 245
504 _aBibliogr. po pracach.
650 9 _aPrzedsiębiorstwo
_xorganizacja
650 9 _aEfektywność ekonomiczna
650 9 _aMotywacja pracy
700 1 _aHABUDA, Ludwik.
_eRed.
830 0 _aSkrypt (Politechnika Opolska) ;
_vnr 245
040 _cBPK
041 0 _apol
080 _a658.1/.5:331.101.3
942 _cKS
008 s pl f |000 0 pol
999 _c42933
_d42933
856 _uhttp://koha.tu.koszalin.pl/cgi-bin/koha/opac-detail.pl?biblionumber=42933
_yKatalog online BPK